[Event "Lethbridge op"]
[Site "Lethbridge"]
[Date "2009.04.05"]
[Round "4"]
[White "Viau, Ferni"]
[Black "Kuczaj, Chris"]
[Result "0-1"]
[WhiteElo "1410"]
[BlackElo "1997"]
[PlyCount "38"]
[EventDate "2009.04.04"]
[EventType "swiss"]
[EventRounds "5"]
[EventCountry "CAN"]
[SourceTitle "EXT 2011"]
[Source "ChessBase"]
[SourceDate "2010.11.26"]
[SourceVersion "1"]
[SourceVersionDate "2010.11.26"]
[SourceQuality "1"]

1. e4 c5 2. Nf3 d6 3. d4 cxd4 4. Nxd4 Nf6 5. Bc4 Nxe4 6. Qh5 e6 7. Bb5+ Bd7 8. Nxe6 Qe7 9. Nc7+ Kd8 10. 0-0 Kxc7 11. Nc3 Nxc3 12. bxc3 Bxb5 13. Qxb5 Nc6 14. Bf4 Qf6 15. Rab1 b6 16. Be3 Rb8 17. Rfe1 Qxc3 18. Qd5 Ne5 19. Rb3 Qxe1# 0-1

[Event "Lethbridge op"]
[Site "Lethbridge"]
[Date "2009.04.04"]
[Round "2"]
[White "Fitzgerald, Jerry"]
[Black "Viau, Ferni"]
[Result "0-1"]
[WhiteElo "1631"]
[BlackElo "1410"]
[PlyCount "62"]
[EventDate "2009.04.04"]
[EventType "swiss"]
[EventRounds "5"]
[EventCountry "CAN"]
[SourceTitle "EXT 2011"]
[Source "ChessBase"]
[SourceDate "2010.11.26"]
[SourceVersion "1"]
[SourceVersionDate "2010.11.26"]
[SourceQuality "1"]

1. b3 e5 2. Bb2 Nc6 3. a3 Nf6 4. e3 a6 5. Ne2 d6 6. Ng3 Be6 7. Bd3 Be7 8. 0-0 Qd7 9. f4 g6 10. f5 gxf5 11. Nxf5 Rg8 12. Nc3 0-0-0 13. e4 Rg6 14. Ne2 Rdg8 15. Neg3 h5 16. Rf2 Ng4 17. Qf3 Nxf2 18. Kxf2 Bxf5 19. exf5 Rg5 20. Bf1 h4 21. Bd3 hxg3+ 22. hxg3 d5 23. Qe2 Rxg3 24. Rg1 Bc5+ 25. Kf1 Bxg1 26. Kxg1 e4 27. Bxa6 Qxf5 28. Bxb7+ Kxb7 29. Qb5+ Kc8 30. Qxc6 Rxg2+ 31. Kh1 Qf1# 0-1

[Event "Lethbridge op"]
[Site "Lethbridge"]
[Date "2009.04.04"]
[Round "1"]
[White "Viau, Ferni"]
[Black "Cletheroe, Kelvin"]
[Result "0-1"]
[WhiteElo "1410"]
[BlackElo "1902"]
[PlyCount "89"]
[EventDate "2009.04.04"]
[EventType "swiss"]
[EventRounds "5"]
[EventCountry "CAN"]
[SourceTitle "EXT 2011"]
[Source "ChessBase"]
[SourceDate "2010.11.26"]
[SourceVersion "1"]
[SourceVersionDate "2010.11.26"]
[SourceQuality "1"]

1. e4 g6 2. Nf3 Bg7 3. Bc4 e6 4. c3 Ne7 5. Bb3 0-0 6. 0-0 Nbc6 7. d3 Kh8 8. Be3 d6 9. Nbd2 f5 10. Bg5 h6 11. Bxe7 Nxe7 12. Nd4 d5 13. f3 c5 14. Ne2 Nc6 15. exd5 exd5 16. Nf4 d4 17. Nxg6+ Kh7 18. Nxf8+ Bxf8 19. f4 dxc3 20. bxc3 Qf6 21. Qh5 Be6 22. Nf3 Bxb3 23. axb3 Bd6 24. Nd2 Rg8 25. Nc4 Bb8 26. Rae1 Ne7 27. Ne5 Bxe5 28. fxe5 Qe6 29. Rf2 Rg5 30. Qf3 Nc6 31. Rfe2 Rg7 32. Qf2 b6 33. Rf1 Rf7 34. Rfe1 Rd7 35. Qf3 Ne7 36. Re3 Nd5 37. R3e2 Nxc3 38. Rf2 Rf7 39. Qh5 Nb5 40. Ref1 Nd4 41. Kh1 Rg7 42. Qh3 Qxe5 43. Rf4 Rg6 44. Qh4 Qe2 45. Re1 0-1